| 000 | 00455nam a2200181Ia 4500 | ||
|---|---|---|---|
| 001 | 7958 | ||
| 005 | 20260306160534.0 | ||
| 008 | 260306t2014||||xx |||||||||||||| ||spa|| | ||
| 041 | _aESP | ||
| 082 |
_a364.15 _bM61 |
||
| 100 |
_aMinisterio Público _eAUT |
||
| 245 | 0 | _aMuertes violentas por délitos dolosos según provincias 2012 | |
| 260 | _c2014 | ||
| 300 |
_a50 páginas : _c21 cm. |
||
| 650 | _aGEN | ||
| 654 | _aCPS | ||
| 942 |
_cLIB _dJUS _fJUS _2ddc _n |
||
| 999 |
_c7958 _d7958 |
||